000 00531nam a22001817a 4500
999 _c171573
_d171573
005 20200115145534.0
010 _aENG-127432
020 _a9788193357576
_c625.00
035 _aEN-110964
037 _bDBAD/PUB
082 _a230
100 _aVerma,Sameer
245 _aMyth of Hindu origin
_cby Sameer Verma
260 _aNew Delhi
_bPranjal book services
_c2017
270 _a1/11126,1st floor street no.10,Subhash Park,Shahdara
_bDelhi
_e110032
300 _a152p.
_c22cm(hb)
942 _2ddc
_cEN
_h230
_mVER